Colorado - Renee Rapp (All Lyrics) - Statistics

General Stats
  • This quiz has been taken 33 times
  • The average score is 267 of 325
Answer Stats
Lyrics % Correct
be
100%
Colorado
100%
I
100%
(I
100%
I)
100%
if
100%
in
100%
lived
100%
my
100%
a
95%
an
95%
and
95%
And
95%
better
95%
go
95%
life
95%
life)
95%
me
95%
might
95%
Might
95%
on
95%
so
95%
the
95%
think
95%
to
95%
Who
95%
But
90%
but
90%
I'd
90%
I'll
90%
(I'll
90%
maybe
90%
meant
90%
some
90%
young
90%
am
85%
at
85%
brand
85%
'Cause
85%
compelled
85%
even
85%
going
85%
health
85%
it
85%
like
85%
meet
85%
mental
85%
myself,
85%
myself
85%
new
85%
not
85%
that
85%
won't
85%
won't)
85%
won't,
85%
work
85%
down
80%
Down
80%
ex-wife
80%
far
80%
hate
80%
I'm
80%
(I'm
80%
is
80%
karaoke
80%
know
80%
know,
80%
know)
80%
sing
80%
start
80%
Yeah,
80%
dive
75%
don't
75%
God,
75%
guy
75%
local
75%
lonely
75%
never
75%
Swear
75%
there
75%
This
75%
bottom
70%
feel
70%
for
70%
get
70%
here
70%
here)
70%
it's
70%
(It's
70%
move
70%
place,
70%
right
70%
right,
70%
stay
70%
type
70%
who's
70%
Boulder
65%
heaven
65%
hell,
65%
nice
65%
out
65%
over
65%
probably
65%
shoulder
65%
somewhere
65%
would
65%
addicted
60%
around
60%
best
60%
bottle
60%
(Bottle)
60%
chip
60%
colder
60%
devil
60%
dream,
60%
empty
60%
high,
60%
let
60%
phone
60%
sink
60%
sweat
60%
watch
60%
white
60%
wine
60%
admit
55%
finally
55%
into
55%
kiddin',
55%
lake
55%
sippin'
55%
tell
55%
We'd
55%
breakin'
50%
leavin'
50%
shit's
50%
Sit
50%
chose
40%
why
40%
threw
35%
(Hmm)
20%
used
20%
alright
5%
having)
5%
No matching quizzes found
Score Distribution
Percent of People with Each Score
Percentile by Number Answered
Your Score History
You have not taken this quiz